00692pam a2200157 a 4500020000500000041000500005082001700010100001800027245010600045260002500151300001600176930000900192999001900201952015700220952015700377 c h a751.422bTAI aWendy Tait . aReady to Paint water cjolour flowers bReady to Paint water cjolour flowers hTextual Documents a[s.l]:bSearch Press a48:bpaper. a7993 c241783d241783 001040708Text BooksaFAPbFAPd2017-03-18eBhararti Sahakari Grahak Bhandarg895.00l0o751.422 TANpFAP-8880r2023-03-07 00:00:00t2w2023-03-07yBK 001040708Text BooksaFAPbFAPd2017-03-18eBhararti Sahakari Grahak Bhandarg895.00l0o751.422 TAIpFAP-8879r2025-09-09 00:00:00t1w2023-03-07yBK